A study of the effects of Demographics on Customer adoption and Customer Satisfaction of E-Banking among Clients of Commercial Banks in Chililabombwe District (Record no. 58904)

MARC details
000 -LEADER
fixed length control field 00753nam a2200157 a 4500
008 - FIXED-LENGTH DATA ELEMENTS--GENERAL INFORMATION
fixed length control field 220224s2019 ||||||||||||||||| || u
050 ## - LIBRARY OF CONGRESS CALL NUMBER
Classification number CBU-PG THESIS/CHA
100 ## - MAIN ENTRY--PERSONAL NAME
Personal name Chanda E. C. Evans
245 12 - TITLE STATEMENT
Title A study of the effects of Demographics on Customer adoption and Customer Satisfaction of E-Banking among Clients of Commercial Banks in Chililabombwe District
Statement of responsibility, etc. By Evans E. C. Chanda
260 ## - PUBLICATION, DISTRIBUTION, ETC.
Place of publication, distribution, etc. Kitwe
Name of publisher, distributor, etc. Copperbelt University
Date of publication, distribution, etc. 2019
300 ## - PHYSICAL DESCRIPTION
Extent xiii, 94 pages : illustrations
650 ## - SUBJECT ADDED ENTRY--TOPICAL TERM
Topical term or geographic name entry element CUSTOMER SATISFACTION - BANKS
650 ## - SUBJECT ADDED ENTRY--TOPICAL TERM
Topical term or geographic name entry element E - BANKING - CHILILABOMBWE DISTRICT
650 ## - SUBJECT ADDED ENTRY--TOPICAL TERM
Topical term or geographic name entry element CUSTOMER SATISFACTION
995 ## - RECOMMENDATION 995 [LOCAL, UNIMARC FRANCE]
-- CBU-MAIN LIBRARY (Kitwe)
-- 1
-- AVAILABLE
-- Sep 23, 2022
-- Zambiana Collection
Holdings
Withdrawn status Lost status Source of classification or shelving scheme Damaged status Not for loan Home library Current library Shelving location Date acquired Total Checkouts Full call number Barcode Date last seen Price effective from Koha item type
          CBU-MAIN LIBRARY, KITWE. CBU-MAIN LIBRARY, KITWE.   11/30/2022   CBU-PG THESIS/CHA B5024 11/30/2022 11/30/2022 MONOGRAPH